Nordrhein-Westfalen - Quiz - Statistiken

Allgemein
  • Dieses Quiz wurde 12.568 mal gespielt
  • Das Durchschnittsergebnis liegt bei 12 aus 20
Antwortstatistiken
Hinweis Antwort % Korrekt
Größte Stadt Köln
99%
Hauptstadt Düsseldorf
98%
Größter Fluss Rhein
97%
Stadt des BVBs Dortmund
94%
Ehemalige Bundeshauptstadt Bonn
93%
Diese Stadt existiert einer Verschwörung zufolge nicht Bielefeld
82%
Bergische Stadt, bekannt für ihre Schwebebahn Wuppertal
81%
Fluss nach welchem das Rheinisch-Westfälische Industriegebiet benannt ist Ruhr
80%
Stadt in der die oben abgefragten Flüsse zusammenfließen Duisburg
57%
Name dieser Stadt in römischer Zeit Colonia Claudia Ara Agrippinensium
52%
In Essen ansässiges Unternehmen der Schwerindustrie Thyssen-Krupp
48%
Dieses Bier trinkt man am Niederrhein Altbier
41%
Stadt am NiederrheinBekannt für eine rekonstruierte Römerstadt und die mittelalterliche Altstadt Xanten
41%
Fußballspieler aus EssenVerantwortlich für den Siegtreffer im Wunder von Bern 1954 Helmut Rahn
40%
Ministerpräsident Hendrik Wüst
36%
Der Kahle Asten ist Teil dieses Gebirges Rothaargebirge
31%
Pferd auf dem Wappen NRWs Westfalenross
30%
Im Kölner Dom befinden sich die Gebeine dieser drei Heiligen Heilige Drei Könige
28%
Westfälische Brotspezialität aus Roggenschrot Pumpernickel
27%
Durchbruch der Weser zwischen Wiehen- und Wesergebirge Porta Westfalica
11%
Keine übereinstimmenden Quizze gefunden
Verteilung der Resultate
Anzahl Personen mit jedem Resultat
Perzentil nach korrekt beantworteten Fragen
Ihre Resultats-Entwicklung
Sie haben dieses Quiz noch nicht gespielt